LDR 00799naa#a2200169#i#450# 001 RU\\bibl\124885 005 20260604031827.4 011 ## _a2221-3260 100 ## _a20260331b2026####ek#y0rusy0150####ca 102 ## _aRU 200 1# _aТеоретико-методологический подход к формированию национальной системы поддержки экспорта _eЖурнальная статья 210 1# _aЯрославль _cЯрославский государственный технический университет _d2026 215 ## _a12 с. 608 ## _aЖурнальная статья _2local 700 #1 _aАндреева _gЕлена Леонидовна 700 #1 _aАнтоненко _gВалерия Михайловна 856 4# _atheoreticaleconomy.ru _u